Australia: exports 1982 primary and manufactured products
Na minha lista:
| Formato: | Livro |
|---|---|
| Idioma: | inglês |
| Publicado em: |
Canberra
Department of trade
1982
|
| Tags: |
Sem tags, seja o primeiro a adicionar uma tag!
|
MARC
| LEADER | 00000nam a2200000 4500 | ||
|---|---|---|---|
| 001 | c113145 | ||
| 005 | 20041019155154.9 | ||
| 041 | 0 | |a eng | |
| 044 | |a AU | ||
| 245 | 1 | 0 | |a Australia: exports 1982 |b primary and manufactured products |
| 264 | 1 | |a Canberra |b Department of trade |c 1982 | |
| 300 | |a 27 s. | ||